00655nam a2200217 450000100060000000300080000600500170001400800410003102000340007203500190010604000320012504100080015708200210016510000170018624500640020326000500026730000290031749000320034650400410037865000180041916652BD-RjUL20211209000033.0140215s1973 nyua b 001 0 eng d a0151701571a0155676245 (pbk.) a(BD-RjUL)16707 aDLCcDLCdDLCdBD-RjULbeng aeng00a709.01bPOO 19731 aPowell, Ann.14aThe origins of Western art :bWith 213 illus /cAnn Powell. aNew York :bHarcourt Brace Jovanovich,c1973. a224 p. :billus.c21 cm.0 aThe Harbrace history of art aBibliography: p. 219-220. and index. 0aArt, Ancient.